Państwa, w których jest lub był komunizm - Statystyki

Ogólne statystyki
  • Ten quiz został rozwiązany 669 razy
    641 od ostatniego zresetowania
  • Średni wynik to 13 z 24
Statystyki odpowiedzi
Odpowiedź % Poprawnych
Polska
94%
Chiny
90%
Korea Północna
85%
ZSRR
84%
Rumunia
74%
Czechosłowacja
73%
Jugosławia
73%
Kuba
70%
Węgry
70%
Wietnam
68%
Bułgaria
67%
NRD
64%
Laos
56%
Albania
54%
Mongolia
52%
Kambodża
46%
Afganistan
37%
Angola
29%
Mozambik
25%
Etiopia
24%
Nepal
21%
Hiszpania
20%
Jemen
17%
Benin
10%
Nie znaleziono quizów pasujących do podanych kryteriów
Rozkład punktacji
Procent ludzi z każdym wynikiem
Percentyl według liczby udzielonych odpowiedzi
Twoja historia wyników
Nie rozwiązałeś tego quizu od ostatniego zresetowania